NFL current QBs - Statistics

General Stats
  • This quiz has been taken 9 times
  • The average score is 9 of 15
Answers on the Grid
Answers color-coded by a green-red scale on the quiz's grid according to % correct below.
Lamar jackson
Patrick mahomes
ed reed
Tyler shough
Bob Dylan
jj mcarthy
jaden daniels
dan Marino
Julian edleman
Aaron rodgers
jj watt
tj watt
Spencer rattler
warren moon
Eli Manning
Diego pavia
johnny manziel
Sean payton
Josh Allen
Riley leonard
James cook
tyrod taylor
jalen hurts
Justin fields
T.Y hilton
Joe flaccoe
ryan tannehill
chase Daniel
cj stroud
cj Allen
Luke leonard
derek carr
 
Answer Stats
Answer % Correct
jalen hurts
83%
Josh Allen
83%
Patrick mahomes
83%
Aaron rodgers
67%
cj stroud
67%
jaden daniels
67%
Justin fields
67%
Lamar jackson
67%
Spencer rattler
67%
jj mcarthy
50%
Joe flaccoe
50%
Tyler shough
50%
tyrod taylor
50%
Diego pavia
33%
Riley leonard
17%
No matching quizzes found
Score Distribution
Percent of People with Each Score
Percentile by Number Answered
Your Score History
You have not taken this quiz